000 01144nam a22002777a 4500
001 8340
003 FISKH
005 20250909152833.0
008 250909b cb ||||| |||| 00| 0 eng d
020 _a9781786703231
040 _aFISKH
_beng
_cFISKH
_dFISKH
050 _aPZ7
082 _a398.2
100 _aKing, Alice
245 _aLittle pink riding hood/
_cWil Overton ; Alice King
260 _aSywell,
_bIgloo Books,
_c2017.
300 _a22 unnumbered pages :
_bcolor illustrations ;
_c26 cm
505 _aL
520 _aLittle Pink Riding Hood is a playful retelling of the classic Little Red Riding Hood. Instead of wearing a red cloak, the heroine wears a pink one. She sets out to visit her grandmother, but along the way she encounters the sly wolf. With a humorous twist, this version puts a fresh, modern, and lighthearted spin on the traditional fairy tale, often emphasizing bravery, cleverness, or kindness.
521 8 _a520
_bLexile estimate
521 8 _aL
_bRaz-Plus
650 _aRetelling
_vChildren’s stories
700 _aOverton, Wil
_eillustrator
942 _2ddc
_cBK
_n0
999 _c8340
_d8340